Pays dont aucune lettre ne se répète - Statistiques

Statistiques générales
  • Ce quiz a été pris 97 fois
  • Le résultat moyen est 33 sur 55
Statistiques - réponses
Réponse % Correct
france
96%
japon
87%
chine
86%
inde
82%
portugal
82%
maroc
80%
bresil
79%
iran
76%
irlande
76%
irak
75%
mali
69%
chypre
68%
perou
68%
islande
67%
oman
67%
israel
65%
laos
65%
vietnam
64%
syrie
63%
croatie
62%
cuba
62%
libye
62%
liban
61%
malte
60%
hongrie
57%
bulgarie
56%
gabon
56%
gambie
56%
jordanie
56%
kenya
56%
nepal
56%
tchad
56%
zambie
56%
koweit
55%
roumanie
55%
soudan
55%
ukraine
55%
cameroun
54%
honduras
54%
niger
54%
bhoutan
52%
cambodge
51%
autriche
50%
cap vert
50%
brunei
49%
tonga
48%
bahrein
45%
maurice
44%
slovaquie
44%
somalie
44%
moldavie
40%
singapour
40%
suriname
39%
maldives
35%
ouzbekistan
29%
Aucun quiz correspondant
Distribution des résultats
% des personnes avec chaque résultat
Percentile par nombre de réponses
Votre historique - résultats
Vous n’avez pas pris ce quiz